000 00957nam a2200313 c 4500
003 BLK
005 20180420221028.0
008 180408b bul|||||r ||||||| ||bul||
010 _aKNG00041027000
020 _a2-01-011965-7
_bиздат.: Hachette
040 _aBLK
041 _aFRE
_cFRE
080 _aИкономика. Икономически науки
_b33
_x(035)
_z33(035)
139 _aEncyclopedie de l'economie et de la gestion
_bE 54
245 1 0 _aEncyclopedie de l'economie et de la gestion
257 _aFRA
260 Paris
_bHachette
_c1991
300 _a592 c.
_c20 cm
380 _a3
490 1 _aFaire le point : References
650 4 _aИкономика - енциклопедии
_9275067
653 _aикономика
653 _aенциклопедии
852 _aЦб 172044
856 4 _qpdf
_u
856 4 _qpdf
_u
942 _cKNG
_n0
944 _aCR
_c15.01.2003
_kТеодора_Стоянова
944 _aED
_c26.05.2011
_k
999 _c37852
_d37852